000 00972pam a2200265 a 4500
999 _c26881
_d26881
001 1142353
003 OSt
005 20170207084412.0
008 950209s1995 nyua b 000 0 eng
010 _a 95009675
020 _a0807613959
040 _aDLC
_cDLC
_dDLC
050 0 0 _aNC248.D4
_bJ65 1995
082 0 0 _a741/.092
_220
100 1 _aJohnson, Lee,
_d1924-2006.
245 1 0 _aDelacroix pastels /
_cLee Johnson.
250 _a1st ed.
260 _aNew York :
_bGeorge Braziller,
_c1995.
300 _a191 p. :
_bill. (some col.) ;
_c31 cm.
504 _aIncludes bibliographical references (p. 169-172).
600 1 0 _aDelacroix, Eugène,
_d1798-1863
_xCriticism and interpretation.
906 _a7
_bcbc
_corignew
_d1
_eocip
_f19
_gy-gencatlg
942 _2lcc
_cBOOKS
_hNC 248 .D4J65 1995